| 000 | 01055nam a22002057a 4500 | ||
|---|---|---|---|
| 003 | BD-DhJNU | ||
| 005 | 20260105073442.0 | ||
| 008 | 251222b |||||||| |||| 00| 0 eng d | ||
| 020 | _a9840747452 | ||
| 040 |
_aBD-DhJNU _bBEN _cBD-DhJNU _dBD-DhJNU |
||
| 082 |
_223 _a891.44309 |
||
| 100 | _aরহমান, মোঃ মুস্তাফিজুর | ||
| 242 |
_aThe shaping of middle-class life in Bangladeshi short stories : _b1947-1990 / _cMd. Mustafizur Rahman |
||
| 245 |
_aবাংলাদেশের ছোট গল্পে মধ্যবিত্ত জীবনের রুপায়ণ : _b১৯৪৭-১৯৯০ / _cমোঃ মুস্তফিজুর রহমান |
||
| 260 |
_aঢাকা : _bবাংলা একাডেমী, _c2009. |
||
| 300 |
_a২০০পৃ. : _c২২ সে.মি । |
||
| 504 | _aগ্রন্থপঞ্জিগত নির্দেশিকা ও নিঘন্ট অন্তর্ভূক্ত | ||
| 650 | _aবাংলা- ছোট গল্প | ||
| 942 |
_2ddc _cBK _n0 |
||
| 999 |
_c2453 _d2453 |
||